| 000 | 00489nam a2200145Ia 4500 | ||
|---|---|---|---|
| 008 | 140724s9999 xx 000 0 und d | ||
| 050 |
_aT 58.6 _b.Ii25 2014 |
||
| 100 | _aIizuka, Keane A. | ||
| 245 |
_aAutomated Patients Information System (APIS) for medical settings / _cKeane A. Iizuka. |
||
| 260 |
_aLas PiƱas, Philippines : _bSouthville International School and Colleges, _cc2014. |
||
| 300 |
_a84 p. : _c28 cm. |
||
| 521 | _aInformation Technology | ||
| 942 | _cTH | ||
| 999 |
_c229319 _d229319 |
||